Saint-Brieuc - Choix Multiples - Statistiques

Statistiques générales
  • Ce quiz a été pris 74 fois
  • Le résultat moyen est 5 sur 10
Statistiques - réponses
Question Réponse % Correct
Quel est le nom des habitants de Saint-Brieuc ? Briochins, -ines
92%
Nom du port de Saint-Brieuc à cheval entre la ville et Plérin Port du Légué
88%
Quel est le nom du club de football jouant actuellement en "National" ? Stade Briochin
78%
Quel bivalve, dont la pêche est très stricte, fait la renommée de la ville et de la région La coquille Saint-Jacques
68%
Quel oiseau migrateur, emblématique du pays de Saint-Brieuc, est souvent observé dans la baie ? Courlis Cendré
48%
Qui est à l'origine du nom de Saint-Brieuc ? Un moine à qui l'on doit l'évangélisation de la région
35%
Il existe une légende urbaine terrifiante sur le Viaduc du Gouët lors de sa construction. Quelle est cette légende urbaine ? Un homme à sauté du pont est s'est noyé dans le béton des poutres en construction
34%
Journal local édité dans la région depuis Saint-Brieuc Le Panthièvre
28%
Quel élément architectural particulier distingue la cathédrale Saint-Étienne de Saint-Brieuc des autres de la région ? Ses fortifications
22%
De quelle famille d'oiseaux, nombreux dans la baie. Fait-il partie ? Les limicoles
18%
Aucun quiz correspondant
Distribution des résultats
% des personnes avec chaque résultat
Percentile par nombre de réponses
Votre historique - résultats
Vous n’avez pas pris ce quiz